| 000 | 00484nam a22001697a 4500 | ||
|---|---|---|---|
| 005 | 20251108172743.0 | ||
| 008 | 250721s9999 xx 000 0 ara d | ||
| 082 | 1 | 4 | _a810/دند |
| 100 | 1 |
_aدندشي، حسن نمر _eمؤلف |
|
| 245 | 1 | 0 | _aأطياب من كلام الأعراب / |
| 264 | 1 |
_aطرابلس : _bجروس برس، _c[19-]. |
|
| 300 | _a183ص. | ||
| 650 | 1 | 7 | _aالأدب العربي |
| 650 | 1 | 7 | _aالشعر العربي |
| 942 |
_2ddc _cBK |
||
| 999 |
_c87631 _d87631 |
||